African development : making sense of the issues and actors (Record no. 405)

MARC details
000 -LEADER
fixed length control field 00519nam a2200181Ia 4500
008 - FIXED-LENGTH DATA ELEMENTS--GENERAL INFORMATION
fixed length control field 240428s9999||||xx |||||||||||||| ||und||
020 ## - INTERNATIONAL STANDARD BOOK NUMBER
International Standard Book Number 97815588267696
041 ## - LANGUAGE CODE
Language code of text/sound track or separate title eng
082 ## - DEWEY DECIMAL CLASSIFICATION NUMBER
Classification number 338.96M
100 ## - MAIN ENTRY--PERSONAL NAME
Personal name Moss, Todd J.
245 #0 - TITLE STATEMENT
Title African development : making sense of the issues and actors
250 ## - EDITION STATEMENT
Edition statement 2nd ed.
260 ## - PUBLICATION, DISTRIBUTION, ETC.
Name of publisher, distributor, etc. Lynne Rienner Pub
Place of publication, distribution, etc. London
Date of publication, distribution, etc. 2011
300 ## - PHYSICAL DESCRIPTION
Extent xi, 283p.: graphs, tabs.,
650 ## - SUBJECT ADDED ENTRY--TOPICAL TERM
Topical term or geographic name entry element Economic Development and Growth - Africa - Political Development
942 ## - ADDED ENTRY ELEMENTS (KOHA)
Koha item type Books
Holdings
Withdrawn status Lost status Damaged status Not for loan Home library Current library Shelving location Date acquired Total checkouts Full call number Date last seen Copy number Price effective from Koha item type
        Main Library Main Library Open Shelves 11/11/2021   338.96M 2248 C1 - 338.96M 2249 C2 29/04/2024 1 29/04/2024 Books
©2026  Parliament of Ghana Library - All rights reserved